[Event "CAN op"]
[Site "Calgary CAN"]
[Date "2023.07.25"]
[Round "5.57"]
[White "Ashley, Mathew"]
[Black "Sklenka, Steve"]
[Result "1-0"]
[WhiteElo "1709"]
[BlackElo "1550"]
[PlyCount "108"]
[EventDate "2023.07.22"]
[EventType "swiss"]
[EventRounds "10"]
[EventCountry "CAN"]

1. c4 c5 2. Nf3 Nf6 3. Nc3 Nc6 4. g3 e5 5. Bg2 d6 6. O-O Be7 7. d3 O-O 8. Bg5
h6 9. Bxf6 Bxf6 10. Nd2 Be6 11. a3 Rc8 12. Rb1 Re8 13. b4 cxb4 14. axb4 a6 15.
Nde4 Be7 16. b5 axb5 17. Rxb5 f5 18. Nd2 Rb8 19. e3 Qc7 20. Bd5 Bxd5 21. Nxd5
Qd7 22. Qe2 Bd8 23. Rfb1 Ne7 24. Qf3 Kh8 25. h4 Nxd5 26. Qxd5 Re7 27. Kg2 b6
28. R1b2 Rc8 29. Nb1 Qc6 30. Nc3 Rb7 31. Kf3 Kh7 32. h5 g5 33. g4 Qxd5+ 34.
Nxd5 e4+ 35. dxe4 fxe4+ 36. Kxe4 Rxc4+ 37. Kf5 Rc5 38. Ke6 Rxb5 39. Rxb5 Kg7
40. f4 gxf4 41. exf4 Bh4 42. f5 Bg5 43. f6+ Kf8 44. Nxb6 Kg8 45. Nd7 Rxd7 46.
Kxd7 Bxf6 47. Kxd6 Bg5 48. Ke6 Kf8 49. Rb7 Kg8 50. Kf5 Kf8 51. Kg6 Ke8 52. Rh7
Kf8 53. Rh8+ Ke7 54. Rxh6 Bxh6 1-0

[Event "CAN op"]
[Site "Calgary CAN"]
[Date "2023.07.25"]
[Round "5.58"]
[White "Aird, Ian"]
[Black "Todd, Nick"]
[Result "1-0"]
[WhiteElo "1881"]
[BlackElo "1525"]
[PlyCount "53"]
[EventDate "2023.07.22"]
[EventType "swiss"]
[EventRounds "10"]
[EventCountry "CAN"]

1. Nf3 g6 2. e4 c5 3. c3 Nc6 4. d4 cxd4 5. cxd4 d5 6. e5 a6 7. h3 Bf5 8. Nc3 f6
9. Bf4 Bg7 10. Bd3 Bd7 11. Nxd5 Be6 12. Nc3 f5 13. Qd2 Bd5 14. Nxd5 Qxd5 15.
O-O Rd8 16. Rfd1 e6 17. Rac1 h6 18. Bc4 Qd7 19. d5 exd5 20. Bxd5 Nge7 21. Bf7+
Kxf7 22. Qxd7 Rxd7 23. Rxd7 g5 24. Bd2 Ke6 25. Rxb7 Bxe5 26. Nxe5 Nxe5 27. Re1
1-0

[Event "CAN op"]
[Site "Calgary CAN"]
[Date "2023.07.25"]
[Round "5.59"]
[White "Gokhale, Tanishka"]
[Black "Zhang, James"]
[Result "0-1"]
[WhiteElo "1543"]
[BlackElo "1742"]
[PlyCount "90"]
[EventDate "2023.07.22"]
[EventType "swiss"]
[EventRounds "10"]
[EventCountry "CAN"]

1. e4 c5 2. Nf3 d6 3. d4 cxd4 4. Nxd4 Nf6 5. Nc3 g6 6. Be3 Bg7 7. f3 O-O 8. Qd2
Nc6 9. Bc4 Bd7 10. O-O-O Nxd4 11. Bxd4 b5 12. Nxb5 Bxb5 13. Bxb5 Rb8 14. Bc4
Qc7 15. Bb3 Rfc8 16. h4 Rxb3 17. axb3 Bh6 18. Bc3 Bxd2+ 19. Rxd2 Nd7 20. g4 Qb6
21. Kd1 Ne5 22. Bxe5 dxe5 23. h5 Rd8 24. Rxd8+ Qxd8+ 25. Ke2 gxh5 26. Rxh5 f6
27. Rh1 Qa5 28. Rd1 Kf7 29. Rd5 Qa2 30. Rd2 Qxb2 31. Ke3 Qc3+ 32. Ke2 Kg6 33.
Rd3 Qxc2+ 34. Ke3 Qc5+ 35. Ke2 Kg5 36. Kd2 Kf4 37. Rc3 Qf2+ 38. Kc1 a5 39. Kd1
Qa2 40. Rd3 a4 41. bxa4 Qxa4+ 42. Kd2 Qa2+ 43. Ke1 Qb1+ 44. Kd2 Qxd3+ 45. Kxd3
Kxf3 0-1

[Event "CAN op"]
[Site "Calgary CAN"]
[Date "2023.07.25"]
[Round "5.60"]
[White "Koo, Minjun"]
[Black "Tcherni, Avram"]
[Result "1/2-1/2"]
[WhiteElo "1661"]
[BlackElo "1701"]
[PlyCount "94"]
[EventDate "2023.07.22"]
[EventType "swiss"]
[EventRounds "10"]
[EventCountry "CAN"]

1. d4 Nf6 2. Nc3 e6 3. Bf4 d5 4. Nb5 Na6 5. e3 c6 6. Nc3 Bd6 7. Bxa6 bxa6 8.
Nf3 Rb8 9. Rb1 Bxf4 10. exf4 Qa5 11. Qd2 O-O 12. Ne5 Bd7 13. O-O Rfc8 14. Nd3
Be8 15. a3 Nd7 16. b4 Qd8 17. Rfe1 Nb6 18. Nb2 Nd7 19. Nca4 a5 20. c3 axb4 21.
cxb4 a5 22. Nd3 axb4 23. axb4 Nb6 24. Nxb6 Rxb6 25. Qc3 Rcb8 26. Ra1 Qe7 27. h3
h5 28. Ra2 Qd6 29. Rb2 f6 30. Nc5 Bf7 31. Qd2 Re8 32. Qc3 Qxf4 33. Rbe2 Qd6 34.
Ra2 e5 35. Rae2 e4 36. f3 f5 37. Ra2 Qg3 38. Nd7 Rb7 39. Ne5 exf3 40. Nxf3
Rxe1+ 41. Qxe1 Qxe1+ 42. Nxe1 Rxb4 43. Nf3 Be8 44. Ra8 Kf7 45. Ne5+ Ke7 46.
Ra7+ Kf6 47. Ra8 Rxd4 1/2-1/2

[Event "CAN op"]
[Site "Calgary CAN"]
[Date "2023.07.25"]
[Round "5.61"]
[White "Giles, Patrick"]
[Black "Wilson, Kim"]
[Result "1-0"]
[WhiteElo "1653"]
[BlackElo "1701"]
[PlyCount "46"]
[EventDate "2023.07.22"]
[EventType "swiss"]
[EventRounds "10"]
[EventCountry "CAN"]

1. Nf3 Nf6 2. d4 g6 3. c4 d5 4. Nc3 Bg7 5. Bf4 O-O 6. e3 c6 7. h3 Nbd7 8. Bd3
dxc4 9. Bxc4 Nb6 10. Bd3 Nbd5 11. Bh2 Re8 12. O-O c5 13. Qb3 Nxc3 14. bxc3 cxd4
15. Bc4 e6 16. cxd4 a6 17. Be2 Qd5 18. Bc4 Qd8 19. Rac1 b5 20. Be2 Ra7 21. Rc2
Qd5 22. Qd3 Ne4 23. Nd2 e5 1-0

[Event "CAN op"]
[Site "Calgary CAN"]
[Date "2023.07.26"]
[Round "6.1"]
[White "Shirov, Alexei"]
[Black "Komarov, Dimittri"]
[Result "1/2-1/2"]
[WhiteElo "2726"]
[BlackElo "2524"]
[PlyCount "175"]
[EventDate "2023.07.22"]
[EventType "swiss"]
[EventRounds "10"]
[EventCountry "CAN"]

1. e4 e6 2. d4 d5 3. e5 c5 4. c3 Nc6 5. Nf3 Bd7 6. Be2 Nge7 7. O-O Nf5 8. dxc5
Bxc5 9. Bd3 O-O 10. b4 Bb6 11. a4 a6 12. Ba3 Nce7 13. Nbd2 Qe8 14. Bb2 Rc8 15.
c4 Ba7 16. b5 dxc4 17. Nxc4 axb5 18. axb5 Bc5 19. Nd6 Nxd6 20. exd6 Ng6 21. Rb1
f6 22. Qd2 e5 23. Rfe1 Nf4 24. Be4 b6 25. Bd4 Kh8 26. Bxc5 Rxc5 27. Nd4 exd4
28. Qxf4 Re5 29. g4 f5 30. gxf5 Bxf5 31. d7 Bxd7 32. Qh4 Bf5 33. f3 Qg6+ 34.
Kh1 Rfe8 35. Bc6 Rxe1+ 36. Rxe1 Rxe1+ 37. Qxe1 h5 38. Qh4 d3 39. Qd4 Kh7 40.
Be4 Bxe4 41. fxe4 d2 42. Qxd2 Qxe4+ 43. Kg1 Qb1+ 44. Kf2 Qxb5 45. Qc2+ g6 46.
Qc7+ Kh6 47. Qf4+ Kg7 48. Qc7+ Kf6 49. Qd8+ Kf7 50. Qc7+ Ke6 51. Qc8+ Qd7 52.
Qc4+ Qd5 53. Qc8+ Kf6 54. Qf8+ Qf7 55. Qd8+ Kg7+ 56. Kg2 Qb7+ 57. Kf2 b5 58.
Qd4+ Kf7 59. Qf4+ Kg7 60. Qd4+ Kh7 61. Qb4 Qc6 62. Qe7+ Kg8 63. Kg3 Qc4 64.
Qe8+ Kg7 65. Qe7+ Kh6 66. Qf8+ Kg5 67. Qe7+ Kf5 68. Qf8+ Ke4 69. Qf3+ Ke5 70.
Qe3+ Kd5 71. Qg5+ Kd4 72. Qf6+ Kc5 73. Qg5+ Qd5 74. Qc1+ Kb6 75. Qe3+ Qc5 76.
Qe6+ Qc6 77. Qe3+ Kb7 78. Qb3 Qd6+ 79. Kg2 b4 80. Kf1 Qf4+ 81. Ke1 Qe4+ 82. Kf2
Kb6 83. Qg8 Kc5 84. Qc8+ Kd4 85. Qc1 b3 86. Qa1+ Kd5 87. Qa8+ Ke5 88. Qb8+
1/2-1/2

[Event "CAN op"]
[Site "Calgary CAN"]
[Date "2023.07.25"]
[Round "6.2"]
[White "Banerjee, Bitan"]
[Black "Gupta, Abhijeet"]
[Result "1/2-1/2"]
[WhiteElo "2495"]
[BlackElo "2629"]
[PlyCount "69"]
[EventDate "2023.07.22"]
[EventType "swiss"]
[EventRounds "10"]
[EventCountry "CAN"]

1. Nf3 Nf6 2. c4 g6 3. Nc3 Bg7 4. e4 d6 5. d4 O-O 6. Be2 e5 7. O-O h6 8. Re1
Nh7 9. d5 a5 10. Rb1 f5 11. c5 dxc5 12. Bc4 Kh8 13. exf5 Bxf5 14. Be3 Nd7 15.
Bd3 b6 16. Qd2 Re8 17. Be4 Bxe4 18. Nxe4 g5 19. d6 Ndf6 20. dxc7 Qxc7 21. Nxf6
Nxf6 22. h4 Rad8 23. Qc1 e4 24. hxg5 exf3 25. gxf6 Bxf6 26. g3 Rg8 27. Bf4 Qc6
28. Be5 Rg5 29. Qf4 Kg7 30. Bc3 Rd7 31. Re3 Bxc3 32. bxc3 Rf7 33. Qb8 Kh7 34.
Re8 Qf6 35. Rxb6 1/2-1/2

[Event "CAN op"]
[Site "Calgary CAN"]
[Date "2023.07.26"]
[Round "6.3"]
[White "Reprintsev, Alexander"]
[Black "Bareev, Evgeny"]
[Result "1/2-1/2"]
[WhiteElo "2320"]
[BlackElo "2721"]
[PlyCount "83"]
[EventDate "2023.07.22"]
[EventType "swiss"]
[EventRounds "10"]
[EventCountry "CAN"]

1. e4 c5 2. Nf3 d6 3. c3 Nf6 4. Bd3 Nc6 5. O-O Bg4 6. h3 Bh5 7. Re1 e6 8. Bc2
Be7 9. d3 h6 10. Nbd2 Nd7 11. a3 O-O 12. Nf1 Nde5 13. g4 Nxf3+ 14. Qxf3 Bg6 15.
Qg2 d5 16. f4 Bh7 17. Bd2 Qb6 18. exd5 exd5 19. f5 Qxb2 20. Ba4 b5 21. Rab1
Qxb1 22. Rxb1 bxa4 23. Qxd5 Rac8 24. Ne3 Rfd8 25. Qe4 Bg5 26. Nc4 Bxd2 27. Nxd2
f6 28. Qxa4 Kh8 29. Ne4 Ne5 30. Qxa7 Ra8 31. Qb6 Rxd3 32. Nxf6 Rad8 33. Nxh7
Kxh7 34. Qxc5 Nf3+ 35. Kf2 Ng5 36. Qc6 Rxc3 37. Qg6+ Kh8 38. h4 Ne4+ 39. Kg1
Rg3+ 40. Kf1 Rf3+ 41. Kg1 Rg3+ 42. Kf1 1/2-1/2

[Event "CAN op"]
[Site "Calgary CAN"]
[Date "2023.07.26"]
[Round "6.5"]
[White "Mikhalevski, Victor"]
[Black "Haessel, Dale"]
[Result "1-0"]
[WhiteElo "2599"]
[BlackElo "2201"]
[PlyCount "67"]
[EventDate "2023.07.22"]
[EventType "swiss"]
[EventRounds "10"]
[EventCountry "CAN"]

1. c4 c5 2. Nf3 Nf6 3. Nc3 Nc6 4. e3 e6 5. d4 cxd4 6. exd4 d5 7. a3 b6 8. Ne5
Nxe5 9. dxe5 Nd7 10. cxd5 Nxe5 11. Bb5+ Bd7 12. Bf4 Qf6 13. dxe6 Bxb5 14. Nxb5
Rd8 15. Nc7+ Ke7 16. Nd5+ Rxd5 17. Qxd5 Qxf4 18. Rd1 fxe6 19. Qd8+ Kf7 20. O-O
g5 21. Rd4 Qf5 22. Ra4 a5 23. Qxb6 Bc5 24. Qc7+ Kg6 25. Rxa5 Nd3 26. b4 Bxf2+
27. Kh1 Qe4 28. Qe7 Qe3 29. Rb5 h6 30. Rb7 Kh5 31. Qf7+ Kh4 32. Rc7 Qe2 33.
Rc4+ Nf4 34. Rxf4+ 1-0

[Event "CAN op"]
[Site "Calgary CAN"]
[Date "2023.07.26"]
[Round "6.7"]
[White "Song, Ethan"]
[Black "Ng, Gary"]
[Result "1/2-1/2"]
[WhiteElo "2255"]
[BlackElo "2349"]
[PlyCount "39"]
[EventDate "2023.07.22"]
[EventType "swiss"]
[EventRounds "10"]
[EventCountry "CAN"]

1. e4 c5 2. Nf3 a6 3. c3 e6 4. d4 d5 5. exd5 exd5 6. Bf4 Nc6 7. Nbd2 cxd4 8.
Nxd4 Nxd4 9. cxd4 Bd6 10. Bxd6 Qxd6 11. Bd3 Ne7 12. O-O O-O 13. Nf3 Bf5 14. Re1
Bxd3 15. Qxd3 Nc6 16. a3 Rfe8 17. Re3 Re7 18. Rxe7 Nxe7 19. Re1 Rc8 20. Ra1
1/2-1/2

[Event "CAN op"]
[Site "Calgary CAN"]
[Date "2023.07.26"]
[Round "6.10"]
[White "Singh Dhaliwal, Jaipreet"]
[Black "Dorrance, Adam"]
[Result "0-1"]
[WhiteElo "2028"]
[BlackElo "2401"]
[PlyCount "74"]
[EventDate "2023.07.22"]
[EventType "swiss"]
[EventRounds "10"]
[EventCountry "CAN"]

1. e4 c5 2. Nf3 e6 3. d4 cxd4 4. Nxd4 Nf6 5. Bd3 Nc6 6. Nb3 Qc7 7. O-O Be7 8.
Nc3 a6 9. Be3 b5 10. a4 b4 11. Nb1 h5 12. h3 d5 13. N1d2 Bb7 14. Qe2 Ne5 15.
Bd4 dxe4 16. Nxe4 Nd5 17. Nec5 Nxd3 18. Nxd3 Nf4 19. Nxf4 Qxf4 20. Rfe1 Qg5 21.
f3 Rc8 22. Qf2 Bd6 23. Be3 Qg6 24. Re2 Bg3 25. Qf1 Bd5 26. Rd2 O-O 27. Qd1 Bb8
28. Bf2 Qf6 29. Rd4 Ba7 30. Rd2 Bb8 31. Rd4 Rfd8 32. Qe1 Rxc2 33. Rxb4 Rxb2 34.
Bh4 Rxg2+ 35. Kf1 Qxf3+ 36. Bf2 Rg1+ 37. Kxg1 Qg2# 0-1

[Event "CAN op"]
[Site "Calgary CAN"]
[Date "2023.07.26"]
[Round "6.12"]
[White "Soberov, Emil"]
[Black "Chandra, Anand Rishi"]
[Result "1-0"]
[WhiteElo "2280"]
[BlackElo "2199"]
[PlyCount "83"]
[EventDate "2023.07.22"]
[EventType "swiss"]
[EventRounds "10"]
[EventCountry "CAN"]

1. e4 e5 2. Nf3 Nc6 3. Bb5 a6 4. Ba4 Nf6 5. Nc3 b5 6. Bb3 Be7 7. d3 d6 8. a3
O-O 9. O-O Na5 10. Ba2 Be6 11. Nd5 c5 12. b4 Nc6 13. c3 Rc8 14. Be3 Nd7 15. d4
c4 16. Nxe7+ Nxe7 17. Ng5 h6 18. Nxe6 fxe6 19. Qg4 Rf6 20. Rad1 Qc7 21. Bb1
Rcf8 22. h4 d5 23. f4 exd4 24. Bxd4 e5 25. fxe5 Nxe5 26. Qg3 N7c6 27. Rf5 dxe4
28. Rxe5 Nxe5 29. Bxe5 Qb6+ 30. Bd4 Qd6 31. Qxd6 Rxd6 32. Re1 Re8 33. Rxe4 Rxe4
34. Bxe4 g5 35. h5 Kf7 36. Kf2 Ke6 37. Ke3 Rd7 38. g4 Rf7 39. Bg6 Rf4 40. Bf5+
Kf7 41. Bc8 Kf8 42. Be5 1-0

[Event "CAN op"]
[Site "Calgary CAN"]
[Date "2023.07.26"]
[Round "6.13"]
[White "Gao, Raymond"]
[Black "Sharma, Vishruth"]
[Result "1-0"]
[WhiteElo "2222"]
[BlackElo "2198"]
[PlyCount "127"]
[EventDate "2023.07.22"]
[EventType "swiss"]
[EventRounds "10"]
[EventCountry "CAN"]

1. e4 e5 2. Nf3 Nc6 3. d4 exd4 4. Bc4 Nf6 5. e5 d5 6. Bb5 Ne4 7. Nxd4 Bd7 8.
Bxc6 bxc6 9. O-O Bc5 10. f3 Ng5 11. Be3 Bb6 12. f4 Ne4 13. Nd2 c5 14. N4f3 Nxd2
15. Qxd2 d4 16. Bf2 Bc6 17. Bh4 Qd7 18. Rad1 O-O 19. f5 Qxf5 20. Nxd4 Qe4 21.
Nxc6 Qxc6 22. Qd7 c4+ 23. Kh1 Qe6 24. Be7 Rfe8 25. Qxe6 fxe6 26. Rd7 Bd4 27.
Rxd4 Rxe7 28. Rxc4 Rb8 29. Rd4 h6 30. b3 Rb5 31. Re1 Ra5 32. a4 Rd5 33. c3 Red7
34. Red1 Kf7 35. b4 Rxd4 36. cxd4 Kg6 37. Kg1 Kf5 38. Kf2 Ke4 39. Rc1 Rf7+ 40.
Kg3 Kxd4 41. Rc5 g6 42. h4 Ke4 43. Ra5 c6 44. Rc5 Rb7 45. Rxc6 Kxe5 46. b5 Kd5
47. Kf4 Rf7+ 48. Ke3 g5 49. h5 Rh7 50. Rc8 Rf7 51. Rh8 Rf4 52. a5 Ra4 53. a6
Ra3+ 54. Ke2 Rb3 55. Rxh6 Rxb5 56. Rh7 Rb2+ 57. Kf3 Ke5 58. Rxa7 Rb8 59. Rb7
Ra8 60. a7 Kf6 61. h6 Kf5 62. h7 g4+ 63. Ke3 Kg6 64. h8=Q 1-0

[Event "CAN op"]
[Site "Calgary CAN"]
[Date "2023.07.26"]
[Round "6.14"]
[White "Yam, Alex"]
[Black "Liu, Zachary"]
[Result "1-0"]
[WhiteElo "2362"]
[BlackElo "2071"]
[PlyCount "85"]
[EventDate "2023.07.22"]
[EventType "swiss"]
[EventRounds "10"]
[EventCountry "CAN"]

1. d4 d5 2. Bf4 c5 3. e3 Nc6 4. c3 Nf6 5. Nd2 Bf5 6. Qb3 Qc8 7. Ngf3 e6 8. Nh4
Be4 9. f3 Bg6 10. g4 Be7 11. Bg3 c4 12. Qd1 b5 13. e4 Qb7 14. Bg2 Rd8 15. a3 a5
16. O-O Qb6 17. Bf2 Qb7 18. Qe2 Qd7 19. Rfe1 dxe4 20. fxe4 e5 21. Nf5 O-O 22.
d5 Nb8 23. a4 Bxf5 24. gxf5 Rc8 25. axb5 Qxb5 26. b3 Bc5 27. bxc4 Bxf2+ 28.
Qxf2 Qb2 29. Rab1 Qxc3 30. Rec1 Qa3 31. c5 Na6 32. c6 Nb4 33. Nc4 Qd3 34. Nxe5
Qa3 35. Nc4 Qd3 36. Qe3 Qxe3+ 37. Nxe3 Rfe8 38. Rc4 Nd3 39. d6 Red8 40. c7 Re8
41. Rd4 Ne5 42. Nc4 Nc6 43. d7 1-0

[Event "CAN op"]
[Site "Calgary CAN"]
[Date "2023.07.26"]
[Round "6.16"]
[White "Sasata, Robert"]
[Black "Superceanu, Andi"]
[Result "0-1"]
[WhiteElo "2306"]
[BlackElo "2095"]
[PlyCount "84"]
[EventDate "2023.07.22"]
[EventType "swiss"]
[EventRounds "10"]
[EventCountry "CAN"]

1. d4 d5 2. c4 e6 3. Nc3 Nf6 4. cxd5 exd5 5. Bg5 Be7 6. e3 c6 7. Bd3 Nbd7 8. h3
Nb6 9. Nf3 Nh5 10. Bxe7 Qxe7 11. O-O O-O 12. Ne5 g6 13. Qc2 Ng7 14. Rae1 Be6
15. b3 Rfd8 16. f4 f5 17. g4 c5 18. dxc5 Qxc5 19. Nb5 Qxc2 20. Bxc2 Nd7 21. g5
Nxe5 22. fxe5 Bd7 23. Bd3 Bxb5 24. Bxb5 a6 25. Be2 Kf7 26. Rf4 Ne6 27. Rb4 Rd7
28. h4 Nd8 29. Rb6 Nc6 30. e4 dxe4 31. Bc4+ Ke7 32. Kf2 Rad8 33. a4 Kf8 34. e6
Rc7 35. Ke3 Ke7 36. h5 Ne5 37. hxg6 Nxc4+ 38. bxc4 hxg6 39. Rh1 Rc6 40. Rh7+
Kxe6 41. Rbxb7 Rd3+ 42. Ke2 Ke5 0-1

[Event "CAN op"]
[Site "Calgary CAN"]
[Date "2023.07.26"]
[Round "6.17"]
[White "Mok, Gillian"]
[Black "Doknjas, Neil"]
[Result "0-1"]
[WhiteElo "1999"]
[BlackElo "2297"]
[PlyCount "66"]
[EventDate "2023.07.22"]
[EventType "swiss"]
[EventRounds "10"]
[EventCountry "CAN"]

1. e4 c5 2. Nf3 e6 3. d4 cxd4 4. Nxd4 a6 5. Nc3 b5 6. a3 Bb7 7. Bd3 Qc7 8. Be3
Nc6 9. O-O Nf6 10. h3 Ne5 11. Qe2 d6 12. f4 Nxd3 13. cxd3 Be7 14. Rac1 Qd7 15.
g4 O-O 16. Kh2 g6 17. f5 Rfe8 18. fxe6 fxe6 19. Qf2 Rf8 20. Qd2 e5 21. Nf3 d5
22. Bh6 Rfe8 23. Nxe5 Qe6 24. d4 dxe4 25. Ne2 Rad8 26. Qe3 Bd6 27. Bf4 Nd5 28.
Qxe4 Nxf4 29. Qxf4 Qd5 30. Qg3 Rxe5 31. dxe5 Bxe5 32. Nf4 Bxf4 33. Qxf4 Qg2#
0-1

[Event "CAN op"]
[Site "Calgary CAN"]
[Date "2023.07.26"]
[Round "6.18"]
[White "Zhu, Brandon"]
[Black "Mannion, Stephen"]
[Result "1-0"]
[WhiteElo "2084"]
[BlackElo "2203"]
[PlyCount "101"]
[EventDate "2023.07.22"]
[EventType "swiss"]
[EventRounds "10"]
[EventCountry "CAN"]

1. d4 Nf6 2. e3 g6 3. b4 Bg7 4. Nf3 O-O 5. Be2 d6 6. Bb2 b6 7. c4 a5 8. a3 Bb7
9. O-O Nbd7 10. Nc3 e5 11. d5 Qe7 12. Qc2 Ne8 13. h4 Nef6 14. e4 h6 15. g3 Nh7
16. h5 g5 17. g4 Ndf6 18. Nh2 axb4 19. axb4 Rxa1 20. Rxa1 Ra8 21. Rxa8+ Bxa8
22. Qa4 Qd8 23. Qa7 Ne8 24. Bc1 Nhf6 25. Be3 Nd7 26. Nf1 Bf8 27. Ng3 Qc8 28. f3
Bb7 29. Qa2 Qa8 30. Qd2 c5 31. dxc6 Bxc6 32. Nf5 Nc7 33. Nd5 Ne6 34. Nxb6 Nxb6
35. Bxb6 Nf4 36. Ng3 Nxe2+ 37. Qxe2 Qa1+ 38. Kg2 Qc3 39. b5 Bd7 40. Nf1 d5 41.
exd5 f5 42. Ne3 e4 43. gxf5 exf3+ 44. Qxf3 Bd6 45. Ng4 Qc2+ 46. Bf2 Kg7 47. f6+
Kf8 48. f7 Qxc4 49. Nf6 Bxb5 50. Nh7+ Kg7 51. Qf6+ 1-0

[Event "CAN op"]
[Site "Calgary CAN"]
[Date "2023.07.26"]
[Round "6.19"]
[White "Kostadinov, Georgi"]
[Black "Su, Ethan"]
[Result "1/2-1/2"]
[WhiteElo "2203"]
[BlackElo "2071"]
[PlyCount "111"]
[EventDate "2023.07.22"]
[EventType "swiss"]
[EventRounds "10"]
[EventCountry "CAN"]

1. c4 e5 2. Nc3 Bb4 3. Nd5 a5 4. a3 Be7 5. g3 c6 6. Nxe7 Nxe7 7. d4 e4 8. Bg2
d5 9. e3 b6 10. Ne2 Ba6 11. cxd5 cxd5 12. f3 f5 13. fxe4 fxe4 14. O-O Nd7 15.
Rf2 Nf6 16. Nf4 Qd6 17. Bd2 O-O 18. b4 Bc8 19. Rc1 Bg4 20. Qe1 Rf7 21. bxa5
bxa5 22. Bxa5 Qxa3 23. Bb4 Qa7 24. Rcc2 Nf5 25. Rc8+ Ne8 26. Nxd5 Nxd4 27. Rxa8
Qxa8 28. exd4 Qxd5 29. Qxe4 Qxe4 30. Bxe4 Nf6 31. Bg2 Rd7 32. Bc5 Kf7 33. h3
Be6 34. Rb2 Bd5 35. Rb8 Ne4 36. g4 Nxc5 37. dxc5 Bxg2 38. Kxg2 Rd2+ 39. Kg3 Rc2
40. Rc8 Rc4 41. h4 h6 42. h5 Kf6 43. Rc6+ Kf7 44. Kf3 Ke7 45. Rc7+ Kf6 46. c6
g6 47. hxg6 Kxg6 48. Rc8 Kg7 49. c7 Rc3+ 50. Kf4 Rc1 51. Kg3 Rc3+ 52. Kh4 Rc1
53. Kg3 Rc3+ 54. Kf4 Rc1 55. Ke5 Re1+ 56. Kd4 1/2-1/2

[Event "CAN op"]
[Site "Calgary CAN"]
[Date "2023.07.26"]
[Round "6.20"]
[White "Vasic, Maxim"]
[Black "Hoekman, Samuel"]
[Result "0-1"]
[WhiteElo "2200"]
[BlackElo "2005"]
[PlyCount "100"]
[EventDate "2023.07.22"]
[EventType "swiss"]
[EventRounds "10"]
[EventCountry "CAN"]

1. c4 f5 2. g3 Nf6 3. Bg2 d6 4. Nc3 e5 5. Nf3 Be7 6. O-O O-O 7. d3 Nc6 8. Rb1
a5 9. a3 Qe8 10. Ne1 f4 11. gxf4 Qh5 12. f3 Bh3 13. e4 Nd4 14. Be3 c5 15. Bxd4
cxd4 16. Ne2 Nd7 17. Qd2 Bxg2 18. Nxg2 exf4 19. Nxd4 Qc5 20. Qf2 Ne5 21. Nf5
Qxf2+ 22. Kxf2 Rad8 23. d4 Nxc4 24. Rbc1 d5 25. b3 Nd2 26. Rfd1 Bxa3 27. Rc7
dxe4 28. Nxg7 e3+ 29. Ke2 Rc8 30. Rxb7 Rc2 31. Nxf4 Rxf4 32. Ne6 Nxf3+ 33. Kxe3
Rf6 34. Nc5 Rc1 35. Rd3 Bxc5 36. dxc5 Re1+ 37. Kf2 Ne5+ 38. Kxe1 Nxd3+ 39. Kd2
Nxc5 40. Rb5 Rf5 41. Ke3 Rh5 42. h4 Kg7 43. Rxa5 Kf6 44. Rb5 Re5+ 45. Kf3 h5
46. b4 Ne6 47. Rxe5 Kxe5 48. Ke3 Nd4 49. Kd3 Nf3 50. Kc4 Kd6 0-1

[Event "CAN op"]
[Site "Calgary CAN"]
[Date "2023.07.26"]
[Round "6.21"]
[White "Kapra, Jerjis"]
[Black "Li, Adam"]
[Result "1-0"]
[WhiteElo "2198"]
[BlackElo "1988"]
[PlyCount "75"]
[EventDate "2023.07.22"]
[EventType "swiss"]
[EventRounds "10"]
[EventCountry "CAN"]

1. e4 e5 2. Nf3 Nc6 3. Bb5 Bc5 4. c3 Nge7 5. O-O Bb6 6. d4 exd4 7. cxd4 d5 8.
exd5 Nxd5 9. Re1+ Be6 10. Bg5 Qd6 11. Nbd2 O-O 12. Nc4 Qb4 13. Bxc6 bxc6 14.
Rc1 Bg4 15. Nce5 Bxf3 16. Qxf3 Rae8 17. Red1 f6 18. Nxc6 Qd6 19. Bd2 Re6 20.
Qb3 Kh8 21. Nb4 Ne7 22. Bf4 Qd7 23. Bxc7 Bxc7 24. Rxc7 Qxd4 25. g3 Qb6 26. Rdd7
Nf5 27. Nd3 Qa6 28. Rxa7 Qc6 29. Rac7 Qe4 30. Qd5 Qxd5 31. Rxd5 g6 32. Rdd7 h5
33. Nf4 Re1+ 34. Kg2 Rfe8 35. Nxg6+ Kg8 36. Rh7 Ne7 37. Rhxe7 h4 38. Rg7# 1-0

[Event "CAN op"]
[Site "Calgary CAN"]
[Date "2023.07.26"]
[Round "6.22"]
[White "Zhang, Brian"]
[Black "Henry, Liam"]
[Result "0-1"]
[WhiteElo "1926"]
[BlackElo "2172"]
[PlyCount "92"]
[EventDate "2023.07.22"]
[EventType "swiss"]
[EventRounds "10"]
[EventCountry "CAN"]

1. e4 c5 2. Nf3 d6 3. d4 cxd4 4. Nxd4 Nf6 5. Nc3 a6 6. h3 e6 7. g4 d5 8. Bg5 h6
9. Bxf6 Qxf6 10. exd5 Bc5 11. Nf3 Ba3 12. Qd3 Bxb2 13. Ne4 Qf4 14. Rb1 exd5 15.
Qxd5 O-O 16. Bg2 Nd7 17. O-O Nf6 18. Qd2 Qc7 19. Rxb2 Nxe4 20. Qe3 Nc5 21. Nd4
Bd7 22. Nf5 Bxf5 23. gxf5 f6 24. Qc3 Rac8 25. Rb4 b5 26. Qg3 Rfd8 27. Rg4 Rd2
28. c4 Qxg3 29. fxg3 b4 30. Re1 Kf8 31. Rb1 a5 32. Ra1 Re8 33. Kf1 Ree2 34. Bd5
Rxa2 35. Rd1 b3 36. Rgd4 Rf2+ 37. Kg1 Rxf5 38. Bc6 Re5 39. Bf3 Re3 40. Bh5
Rxg3+ 41. Kf1 g6 42. Bg4 f5 43. Be2 Rxh3 44. Kg2 Re3 45. Rd8+ Ke7 46. R1d2
Rxe2+ 0-1

[Event "CAN op"]
[Site "Calgary CAN"]
[Date "2023.07.26"]
[Round "6.23"]
[White "Zhang, Michelle"]
[Black "Rekhson, Vladislav"]
[Result "1-0"]
[WhiteElo "1734"]
[BlackElo "2146"]
[PlyCount "85"]
[EventDate "2023.07.22"]
[EventType "swiss"]
[EventRounds "10"]
[EventCountry "CAN"]

1. e4 e5 2. Nf3 Nc6 3. Bc4 Bc5 4. d3 Nf6 5. O-O d6 6. c3 a5 7. Be3 Bxe3 8. fxe3
Qe7 9. Nbd2 O-O 10. Qe1 a4 11. Nh4 Kh8 12. Nf5 Bxf5 13. Rxf5 Rfd8 14. Qf2 Ng4
15. Qg3 Nh6 16. Rf2 Na5 17. Bb5 d5 18. Bxa4 dxe4 19. Nxe4 f5 20. Ng5 Rxd3 21.
Re1 f4 22. Qh4 Nc4 23. Bb3 Nd6 24. Nf7+ Qxf7 25. Bxf7 fxe3 26. Rf3 Nhxf7 27.
Qe7 Kg8 28. Ref1 e2 29. Rxd3 exf1=Q+ 30. Kxf1 e4 31. Rd1 Rc8 32. a4 h6 33. Ke2
e3 34. g4 Kh7 35. a5 Ng5 36. Qd7 Rf8 37. Rxd6 cxd6 38. Qxb7 Re8 39. a6 Nh3 40.
Qf7 Ng1+ 41. Ke1 Re5 42. a7 Ra5 43. Qf5+ 1-0

[Event "CAN op"]
[Site "Calgary CAN"]
[Date "2023.07.26"]
[Round "6.24"]
[White "Nguyen, Kim"]
[Black "Douglas, Richard"]
[Result "1-0"]
[WhiteElo "2145"]
[BlackElo "1950"]
[PlyCount "87"]
[EventDate "2023.07.22"]
[EventType "swiss"]
[EventRounds "10"]
[EventCountry "CAN"]

1. e4 Nf6 2. e5 Nd5 3. d4 d6 4. c4 Nb6 5. exd6 cxd6 6. Nc3 g6 7. Be3 Bg7 8. Rc1
O-O 9. b3 d5 10. c5 e5 11. cxb6 Nc6 12. Nb5 exd4 13. Nxd4 Re8 14. Be2 Bxd4 15.
Bxd4 Qh4 16. Nf3 Qe4 17. Kf1 Bh3 18. gxh3 Nxd4 19. Qxd4 Qxe2+ 20. Kg2 axb6 21.
Rc7 Rf8 22. a4 b5 23. Re1 Qa2 24. axb5 Qxb3 25. Ree7 Qxb5 26. Rxb7 Qc6 27. Rb6
Qc2 28. Rb2 Qf5 29. Qe5 Qd3 30. Rd2 Qb3 31. Qxd5 Qb4 32. Rxf7 Rxf7 33. Qxa8+
Kg7 34. Qa1+ Kg8 35. Rd8+ Rf8 36. Qa2+ Kg7 37. Rd7+ Kh6 38. Qa7 g5 39. Rxh7+
Kg6 40. Qg7+ Kf5 41. Qxg5+ Ke6 42. Rh6+ Kd7 43. Ne5+ Kc8 44. Qg4+ 1-0

[Event "CAN op"]
[Site "Calgary CAN"]
[Date "2023.07.26"]
[Round "6.25"]
[White "He, Matthew"]
[Black "Wang, Patrick"]
[Result "1-0"]
[WhiteElo "2140"]
[BlackElo "1622"]
[PlyCount "61"]
[EventDate "2023.07.22"]
[EventType "swiss"]
[EventRounds "10"]
[EventCountry "CAN"]

1. d4 d5 2. c4 c6 3. Nf3 Nf6 4. e3 e6 5. b3 Bd6 6. Bd3 Nbd7 7. Bb2 O-O 8. O-O
Re8 9. Ne5 c5 10. Nd2 b6 11. cxd5 exd5 12. f4 cxd4 13. exd4 Bb7 14. g4 Rc8 15.
a3 Nf8 16. Qf3 N6d7 17. Rae1 f6 18. Nxd7 Nxd7 19. Bf5 Kh8 20. Qh3 Nf8 21. Bxc8
Bxc8 22. Qf3 Rxe1 23. Rxe1 Bc7 24. f5 g6 25. Nf1 Qd6 26. Ng3 h5 27. Qe3 hxg4
28. fxg6 Bd7 29. Qh6+ Kg8 30. Re2 Bb5 31. Nh5 1-0